|
|
|
|
| LEADER |
01016nam a2200229 a 4500 |
| 001 |
00026818 |
| 003 |
BD-DhAAL |
| 008 |
130420s2012 bg 000 0 ben d |
| 020 |
|
|
|a 9789844950078
|
| 040 |
|
|
|a BD-DhAAL
|c BD-DhAAL
|
| 041 |
|
|
|a ben
|
| 082 |
0 |
0 |
|a 363.738745492
|2 22
|
| 100 |
1 |
|
|a হারুন-আর-রশিদ.
|
| 245 |
1 |
0 |
|a জলবায়ু পরিবর্তন বিপদে বাংলাদেশ /
|c হারুন-আর-রশিদ.
|
| 260 |
|
|
|a ঢাকা :
|b পার্ল পাবলিকেশন্স,
|c ২০১২
|
| 300 |
|
|
|a ৩৭৬ পৃষ্ঠা ;
|c ২২ সে.মি.
|
| 541 |
1 |
|
|e 00026818
|
| 650 |
|
0 |
|a Climatic changes
|x Environmental aspects
|z Bangladesh.
|
| 852 |
1 |
|
|a Ayesha Abed Library
|j General shelf
|
| 942 |
|
|
|2 ddc
|c BK
|
| 999 |
|
|
|c 13325
|d 13325
|
| 952 |
|
|
|0 0
|1 0
|2 ddc
|4 0
|6 363_738745492000000_HAR
|7 0
|9 22222
|a IGS
|b IGS
|c GEN
|d 2012-04-22
|e A H Development Publishing House
|g 500.00
|l 1
|m 2
|o 363.738745492 HAR
|p 3010026818
|r 2014-06-10
|s 2013-05-07
|t 1
|w 2012-04-22
|y BK
|